|
|
|
|
| LEADER |
00000nas a2200000 a 4500 |
| 001 |
ssj0011946 |
| 003 |
WaSeSS |
| 005 |
20200512172242.0 |
| 006 |
m d |
| 007 |
cr n |
| 008 |
980209c19609999nyufr p s o 0 a0eng c |
| 010 |
|
|
|a 2010236555
|
| 015 |
|
|
|a GBB6C6800
|2 bnb
|
| 016 |
7 |
|
|a 101084932
|2 DNLM
|
| 016 |
7 |
|
|a 017753665
|2 Uk
|
| 022 |
|
|
|a 2328-1235
|y 0569-4345
|
| 035 |
|
|
|a (WaSeSS)ssj0011946
|
| 040 |
|
|
|a FGA
|b eng
|c FGA
|d OCL
|d OCLCQ
|d NOC
|d EYM
|d HUL
|d CUD
|d AU@
|d OCLCE
|d MUX
|d OCLCQ
|d OCL
|d OCLCQ
|d OCL
|d OCLCQ
|d DLC
|d COO
|d OCLCO
|d OCLCF
|d OCLCO
|d OCLCQ
|d NLE
|d VT2
|d Z5A
|d ZAC
|d RCE
|d U3W
|d WYU
|d UKMGB
|d WaSeSS
|
| 042 |
|
|
|a pcc
|a dlr
|a nsdp
|
| 050 |
|
4 |
|a HB1
|b .A512
|
| 082 |
0 |
0 |
|a 330
|2 23
|
| 130 |
0 |
|
|a American economist (Online)
|
| 222 |
|
4 |
|a The American economist
|b (New York, N.Y. 1960. Online)
|
| 245 |
1 |
4 |
|a The American economist
|h [electronic resource].
|
| 260 |
|
|
|a [Brooklyn, N.Y.] :
|b [Omicron Chi Epsilon],
|c 1960-
|
| 310 |
|
|
|a Semiannual
|
| 362 |
1 |
|
|a Print began with vol. 4, no. 1 (May 1960).
|
| 500 |
|
|
|a Place of publication varies.
|
| 506 |
|
|
|a License restrictions may limit access.
|
| 538 |
|
|
|a Master and use copy. Digital master created according to Benchmark for Faithful Digital Reproductions of Monographs and Serials, Version 1. Digital Library Federation, December 2002.
|u http://purl.oclc.org/DLF/benchrepro0212
|5 MiAaHDL
|
| 550 |
|
|
|a Vols. for 1963- issued by: Omicron Delta Epsilon.
|
| 583 |
1 |
|
|a digitized
|c 2010
|h HathiTrust Digital Library
|l committed to preserve
|5 MiAaHDL
|2 pda
|
| 588 |
|
|
|a Description based on print version record; title from table of contents page (JSTOR, viewed May 26, 2010).
|
| 588 |
|
|
|a Latest issue consulted: Vol. 52, no. 2 (fall 2008) (JSTOR.org website, viewed Apr. 11, 2013).
|
| 650 |
|
0 |
|a Economics
|v Periodicals.
|
| 650 |
|
6 |
|a Économie politique
|v Périodiques.
|
| 650 |
|
7 |
|a Economics.
|2 fast
|0 (OCoLC)fst00902116
|
| 655 |
|
0 |
|a Electronic journals.
|
| 710 |
2 |
|
|a Omicron Chi Epsilon.
|
| 710 |
2 |
|
|a Omicron Delta Epsilon.
|
| 776 |
0 |
8 |
|i Print version:
|t American economist
|x 0569-4345
|w (DLC) 67034003
|w (OCoLC)5667043
|
| 780 |
0 |
0 |
|t Journal of Omicron Chi Epsilon
|x 2328-1251
|w (DLC) 2010234978
|w (OCoLC)631334596
|
| 856 |
4 |
0 |
|z Full text available from Research Library: 05/01/1960 to 12/31/1980
|u https://search.proquest.com/publication/34497
|
| 856 |
4 |
0 |
|z Full text available from Research Library: 01/01/1987 to 10/31/2018
|u https://search.proquest.com/publication/34497
|